MARC

LEADER 00000nam0a2200000 4500
001 71393
005 20231031082558.0
035 |a (RuTPU)RU\TPU\book\76015 
090 |a 71393 
100 |a 20041216d1976 km y0rusy50 ca 
101 0 |a rus 
102 |a RU 
105 |a a z 001zy 
200 1 |a Основы радиоизмерительной техники  |f И. М. Соркин 
205 |a 2-е изд., перераб. и доп. 
210 |a Москва  |c Энергия  |d 1976 
215 |a 311 с.  |c ил. 
320 |a Список литературы: с. 307-309 
610 1 |a радиоизмерительная техника 
610 1 |a токи 
610 1 |a напряжения 
610 1 |a погрешности 
610 1 |a трансформаторы тока 
610 1 |a вольтметры 
610 1 |a катушки 
610 1 |a осциллографы 
610 1 |a генераторы сигналов 
610 1 |a стандарты 
675 |a 621.396.08  |v 3 
700 1 |a Соркин  |b И. М.  |g Иосиф Маркович 
801 1 |a RU  |b 63413507  |c 20041216  |g PSBO 
801 2 |a RU  |b 63413507  |c 20150615  |g PSBO 
942 |c BK